| 000 | 01366cam a22003375i 4500 | ||
|---|---|---|---|
| 999 |
_c28905 _d28876 |
||
| 001 | 14112801 | ||
| 003 | EG-ScBUE | ||
| 005 | 20201012132803.0 | ||
| 008 | 050919t20042004caua f 001 0 eng d | ||
| 020 | _a1590592808 | ||
| 020 | _a9781590592809 | ||
| 035 | _a(OCoLC)ocm55040062 | ||
| 040 |
_aVYF _beng _erda _cVYF _dOCLCQ _dBAKER _dDLC _dEG-ScBUE |
||
| 082 | 0 | 4 |
_a005.72 _bSKL _222 |
| 100 | 1 |
_aSklar, David _c(Software engineer) _eauthor. _931195 |
|
| 245 | 1 | 0 |
_aEssential PHP tools : _bmodules, extensions, and accelerators / _cDavid Sklar. |
| 264 | 1 |
_aBerkeley, CA : _bApress, _c[2004] |
|
| 264 | 1 | _cc2004 | |
| 264 | 2 |
_aNew York : _bDistributed to the Book trade in US by Springer-Verlag |
|
| 300 |
_axx, 347 pages : _billustrations ; _c24 cm. |
||
| 336 |
_atext _btxt _2rdacontent |
||
| 337 |
_aunmediated _bn _2rdamedia |
||
| 338 |
_avolume _bnc _2rdacarrier |
||
| 490 | 0 | _aExpert's voice in open source | |
| 500 | _aIncludes index. | ||
| 520 | _aPHP is the leading programming language for developing dynamic web applications. The simplicity of PHP, the ease of development, a large community, and the expansive repository of open source PHP libraries, make it a favorite of web designers and developers. | ||
| 650 | 7 |
_aPHP (Computer program language) _2BUEsh |
|
| 650 | 7 |
_aInternet programming. _2BUEsh |
|
| 653 |
_bCOMSCI _cOctober2020 |
||
| 942 |
_2ddc _cBB |
||